=LDR 00000nam 2200000 4500 =001 INLIS000000000024219 =005 20130612122823 =008 ***********************************ind** =035 ##$$0010-061300000024219 =041 ##$$a ind =082 ##$$a F.ROM.D =090 ##$$a F.ROM.D, MEN c =100 ##$$a Mentari, Putra =245 ##$$a Cinta Arjuna, Putra Mentari =260 ##$$a 2003 $b Jakarta =300 ##$$a vi, 211 hlm, 18 cm =650 ##$$a Fiksi Dewasa =850 ##$$a NBPNMAT